000 00462nam a22001457a 4500
008 140520b xxu||||| |||| 00| 0 eng d
020 _a9780753820254
050 _aPQ6668.U49S6613 2004
100 _aZafon, Carlos Ruiz
_910352
245 _aThe Shadow of the Wind
_cCarlos Ruiz Zafon
260 _aLondon
_bPhoenix
_c2004
300 _a510p. ;
_c20cm.
650 _aAntiquarian bookseller
_xFiction
_xRare books
_zSpain, Barcelona
_910353
942 _2lcc
_cMONOGRAPH
999 _c120537
_d120537